Callús : història en imatges : 1850-1975 / Lluís Sala i Sala, Marina Serra i Junyent, Ramon Fons i Vilardell història en imatges :
ISBN:
8487618308
Descripción Física:
163 p. : il. fot. ; 28 cm
Colección:
Fotografia històrica ; 1
MARC
| LEADER | 00000nam a2200000Ia 4500 | ||
|---|---|---|---|
| 001 | 24381 | ||
| 008 | 160829s9999 xx 000 0 cat d | ||
| 020 | |a 8487618308 | ||
| 080 | |a Bib-241 | ||
| 100 | |a Sala i Sala, Lluís |9 22436 | ||
| 245 | |a Callús : |b història en imatges : |b 1850-1975 / Lluís Sala i Sala, Marina Serra i Junyent, Ramon Fons i Vilardell | ||
| 260 | |a Manresa : |b Angle : |b Centre d'Estudis del Bages, DL 1996 | ||
| 300 | |a 163 p. : |b il. fot. ; |c 28 cm | ||
| 490 | |a Fotografia històrica ; 1 | ||
| 650 | |a Fotografia documental |x Catalunya |x Callús |9 49477 | ||
| 650 | |a Callús (Catalunya) |x Història |x Llibres de làmines |9 49478 | ||
| 700 | |a Serra i Junyent, Marina |9 22439 | ||
| 700 | |a Fons i Vilardell, Ramon |9 22440 | ||
| 700 | |a Centre d'Estudis del Bages |9 22441 | ||
| 901 | |a Arxiu | ||
| 942 | |n 1 | ||
| 952 | |0 0 |1 0 |4 0 |6 BIB241 |7 1 |9 55384 |a Arxiu |b Arxiu |d 2016-12-01 |l 0 |o Bib-241 |p 24381 |r 2016-12-01 00:00:00 |w 2016-12-01 |y ARXIU | ||
| 999 | |c 59257 |d 59257 | ||